| 000 | 00550nam a22002057a 4500 | ||
|---|---|---|---|
| 003 | OSt | ||
| 005 | 20140310182916.0 | ||
| 008 | 130129t xxu||||| |||| 00| 0 eng d | ||
| 020 | _a9715902448 | ||
| 050 |
_aBV4509.5 _b.R197 1987 |
||
| 082 |
_aFIL 152.4 _bR15 1987 |
||
| 245 |
_aHow to improve your relationships _cRanieri, Ralph F. |
||
| 260 |
_aPasay City: _bPaulines Publishing House, _c1987 |
||
| 300 |
_a74 p. : _bill.; _c19 cm. |
||
| 521 | _aCollege | ||
| 526 | _c1210L-1700L | ||
| 541 | _j1 | ||
| 562 | _e1 | ||
| 942 |
_2lcc _cBK _kFIL |
||
| 999 |
_c17298 _d17298 |
||